[Event "Ruhrgebiet Verbandsklasse Gruppe 1 1617"]
[Site "Germany"]
[Date "2017.03.12"]
[Round "8.2"]
[White "Glahn, Michael"]
[Black "Kordonowski, Frank"]
[Result "1-0"]
[WhiteElo "2009"]
[BlackElo "1970"]
[PlyCount "81"]
[EventDate "2016.09.04"]
[EventType "team-tourn"]
[EventRounds "9"]
[EventCountry "GER"]
[SourceTitle "EXT 2022"]
[Source "ChessBase"]
[SourceDate "2021.10.06"]
[SourceVersion "1"]
[SourceVersionDate "2021.10.06"]
[SourceQuality "1"]
[WhiteTeam "Recklinghausen Altstadt"]
[BlackTeam "Altenessen"]
[WhiteTeamCountry "GER"]
[BlackTeamCountry "GER"]

1. e4 g6 2. d4 Bg7 3. f4 d6 4. Nf3 Nf6 5. Nc3 0-0 6. Bd3 a6 7. 0-0 b5 8. e5 Ne8 9. Ne4 Nd7 10. c3 c5 11. Bc2 Bb7 12. Qe1 Rc8 13. Bb3 e6 14. Neg5 Bxf3 15. Nxf3 cxd4 16. cxd4 Nb6 17. a4 Nc4 18. axb5 axb5 19. Bxc4 Rxc4 20. b3 Rc6 21. Ba3 Qb6 22. Kh1 Bh6 23. Qh4 Bg7 24. Qe1 Bh6 25. Qh4 Bg7 26. Bb4 h5 27. Rfc1 Qc7 28. Rxc6 Qxc6 29. Qe7 Nc7 30. Qxd6 Qc2 31. Qd7 Nd5 32. Bxf8 Nxf4 33. Rg1 Bxf8 34. Qxb5 Ne2 35. Re1 Nf4 36. Qf1 Bb4 37. Rc1 Qf5 38. h4 Qe4 39. Ng5 Qxd4 40. Rc8+ Kg7 41. Rc7 1-0

[Event "Ruhrgebiet Verbandsklasse Gruppe 1 1617"]
[Site "Germany"]
[Date "2017.01.29"]
[Round "6.2"]
[White "Glahn, Michael"]
[Black "Kuekenbrink, Christopher"]
[Result "0-1"]
[WhiteElo "2009"]
[BlackElo "1856"]
[PlyCount "34"]
[EventDate "2016.09.04"]
[EventType "team-tourn"]
[EventRounds "9"]
[EventCountry "GER"]
[SourceTitle "EXT 2022"]
[Source "ChessBase"]
[SourceDate "2021.10.06"]
[SourceVersion "1"]
[SourceVersionDate "2021.10.06"]
[SourceQuality "1"]
[WhiteTeam "Recklinghausen Altstadt"]
[BlackTeam "Guennigfeld SV"]
[WhiteTeamCountry "GER"]
[BlackTeamCountry "GER"]

1. e4 Nf6 2. e5 Nd5 3. c4 Nb6 4. d4 d6 5. f4 g6 6. Be3 Bg7 7. Nc3 Be6 8. b3 0-0 9. Bd3 c5 10. dxc5 N6d7 11. cxd6 exd6 12. Nf3 dxe5 13. Rc1 exf4 14. Bxf4 Nc5 15. Be2 Qxd1+ 16. Bxd1 Nd3+ 17. Kd2 Nxc1 0-1

[Event "Ruhrgebiet Verbandsklasse Gruppe 1 1617"]
[Site "Germany"]
[Date "2016.12.18"]
[Round "5.2"]
[White "Glahn, Michael"]
[Black "Grube, Frank"]
[Result "1-0"]
[WhiteElo "2009"]
[BlackElo "1779"]
[PlyCount "81"]
[EventDate "2016.09.04"]
[EventType "team-tourn"]
[EventRounds "9"]
[EventCountry "GER"]
[SourceTitle "EXT 2022"]
[Source "ChessBase"]
[SourceDate "2021.10.06"]
[SourceVersion "1"]
[SourceVersionDate "2021.10.06"]
[SourceQuality "1"]
[WhiteTeam "Recklinghausen Altstadt"]
[BlackTeam "Unna SV"]
[WhiteTeamCountry "GER"]
[BlackTeamCountry "GER"]

1. e4 e5 2. d4 exd4 3. Qxd4 Nc6 4. Qe3 d6 5. Nc3 Nf6 6. Bd2 Be7 7. 0-0-0 0-0 8. Bc4 Be6 9. Bd5 Re8 10. h4 Bf8 11. Qg3 Nb4 12. Bxe6 Rxe6 13. f3 Qe8 14. Nh3 c6 15. Nf4 Re5 16. a3 Na6 17. Nd3 Re6 18. Bg5 Nh5 19. Qf2 Nc5 20. g4 Nxd3+ 21. Rxd3 Nf6 22. h5 Be7 23. Qg2 Nd5 24. exd5 Bxg5+ 25. Kb1 cxd5 26. Qg3 d4 27. Ne4 Be3 28. Nxd6 Qc6 29. Nf5 Rc8 30. Rh2 Qd5 31. Re2 Bf4 32. Qf2 Be3 33. Nxe3 dxe3 34. Rexe3 Qc6 35. Rc3 Qd7 36. Rxc8+ Qxc8 37. Rxe6 Qxe6 38. Qxa7 Qe1+ 39. Ka2 h6 40. Qxb7 Qe6+ 41. Qb3 1-0

[Event "Ruhrgebiet Verbandsklasse Gruppe 1 1617"]
[Site "Germany"]
[Date "2016.10.30"]
[Round "3.3"]
[White "Sokalskaja, Elena"]
[Black "Glahn, Michael"]
[Result "1/2-1/2"]
[WhiteElo "1925"]
[BlackElo "2009"]
[PlyCount "138"]
[EventDate "2016.09.04"]
[EventType "team-tourn"]
[EventRounds "9"]
[EventCountry "GER"]
[SourceTitle "EXT 2022"]
[Source "ChessBase"]
[SourceDate "2021.10.06"]
[SourceVersion "1"]
[SourceVersionDate "2021.10.06"]
[SourceQuality "1"]
[WhiteTeam "Muelheim Nord IV"]
[BlackTeam "Recklinghausen Altstadt"]
[WhiteTeamCountry "GER"]
[BlackTeamCountry "GER"]

1. d4 Nf6 2. Nf3 e6 3. g3 b6 4. Bg2 Bb7 5. 0-0 Be7 6. c4 0-0 7. Nc3 c5 8. dxc5 bxc5 9. Bf4 d6 10. Qc2 Qb6 11. Rad1 Rd8 12. Rd2 Nc6 13. Rfd1 d5 14. cxd5 exd5 15. Bg5 Nb4 16. Qb1 d4 17. Bxf6 Bxf6 18. Na4 Qa5 19. b3 Bc6 20. Qf5 Nd5 21. Ne5 Bxe5 22. Qxe5 Re8 23. Qd6 Bxa4 24. Qxd5 Rad8 25. Qc4 Bd7 26. Rc2 Rc8 27. Bd5 Be6 28. Bxe6 fxe6 29. Rdc1 Kf7 30. Qd3 g6 31. Qf3+ Kg8 32. h4 Rc7 33. h5 Qb6 34. hxg6 hxg6 35. Qe4 Kf7 36. Qe5 Rec8 37. Rc4 Qb7 38. b4 Rd7 39. bxc5 Rd5 40. Qe4 Qc6 41. Qf3+ Ke7 42. Kg2 Rf5 43. Qxc6 Rxc6 44. Rxd4 Rfxc5 45. Rxc5 Rxc5 46. Ra4 a5 47. Kf3 Kf6 48. g4 Ke5 49. e3 Kf6 50. Ke4 e5 51. f4 exf4 52. exf4 Ke6 53. Rd4 Rc2 54. a4 Rc3 55. f5+ gxf5+ 56. gxf5+ Kf6 57. Kf4 Ra3 58. Re4 Ra1 59. Re6+ Kf7 60. Ra6 Rxa4+ 61. Ke5 Ra1 62. Ra7+ Ke8 63. Ke6 Re1+ 64. Kf6 Ra1 65. Ra8+ Kd7 66. Kf7 a4 67. f6 a3 68. Kf8 a2 69. f7 Kc7 1/2-1/2

[Event "Ruhrgebiet Verbandsklasse Gruppe 1 1617"]
[Site "Germany"]
[Date "2016.09.04"]
[Round "1.3"]
[White "Iwannek, Ralf"]
[Black "Glahn, Michael"]
[Result "1/2-1/2"]
[WhiteElo "1770"]
[BlackElo "2009"]
[PlyCount "84"]
[EventDate "2016.09.04"]
[EventType "team-tourn"]
[EventRounds "9"]
[EventCountry "GER"]
[SourceTitle "EXT 2022"]
[Source "ChessBase"]
[SourceDate "2021.10.06"]
[SourceVersion "1"]
[SourceVersionDate "2021.10.06"]
[SourceQuality "1"]
[WhiteTeam "Huckarde Westerfilde"]
[BlackTeam "Recklinghausen Altstadt"]
[WhiteTeamCountry "GER"]
[BlackTeamCountry "GER"]

1. e4 Nf6 2. Nc3 d5 3. exd5 Nxd5 4. Nxd5 Qxd5 5. Qf3 e6 6. Qxd5 exd5 7. d4 Bf5 8. c3 Bd6 9. Be3 0-0 10. 0-0-0 c6 11. Bd3 Bxd3 12. Rxd3 Nd7 13. Nf3 b5 14. Kc2 a5 15. Rb1 Nb6 16. b3 a4 17. g3 axb3+ 18. axb3 Rfe8 19. Rdd1 Nd7 20. Ra1 Nf6 21. h3 Ne4 22. Rxa8 Rxa8 23. Kb2 f6 24. Rd3 Kf7 25. Nd2 Re8 26. Nxe4 Rxe4 27. Kc2 f5 28. Bd2 Kf6 29. Rf3 g5 30. Kd3 f4 31. g4 Kg6 32. Kc2 Re2 33. Kd1 Re8 34. b4 Ra8 35. Ke2 Ra3 36. Rd3 Ra1 37. Be1 Ra2+ 38. Bd2 h5 39. Rf3 Ra1 40. Be1 Ra8 41. Rd3 Re8+ 42. Kd2 Ra8 1/2-1/2

[Event "Ruhrgebiet Verbandsklasse Gruppe 1 1516"]
[Site "Germany"]
[Date "2016.03.20"]
[Round "8.2"]
[White "Glahn, Michael"]
[Black "Sharma, Danesh"]
[Result "1/2-1/2"]
[WhiteElo "1968"]
[BlackElo "1913"]
[PlyCount "51"]
[EventDate "2015.09.06"]
[EventType "team-tourn"]
[EventRounds "9"]
[EventCountry "GER"]
[SourceTitle "EXT 2022"]
[Source "ChessBase"]
[SourceDate "2021.10.06"]
[SourceVersion "1"]
[SourceVersionDate "2021.10.06"]
[SourceQuality "1"]
[WhiteTeam "Recklinghausen Altstadt"]
[BlackTeam "Welper SV II"]
[WhiteTeamCountry "GER"]
[BlackTeamCountry "GER"]

1. e4 e5 2. Nf3 Nc6 3. d4 exd4 4. Nxd4 Qh4 5. Nb5 Qxe4+ 6. Be2 Kd8 7. N1c3 Bb4 8. 0-0 Bxc3 9. bxc3 Nf6 10. Bf3 Qe5 11. Nd4 Nxd4 12. cxd4 Qf5 13. Re1 d6 14. c4 Re8 15. Rxe8+ Kxe8 16. Qb3 Kf8 17. Ba3 Kg8 18. Re1 Qa5 19. Bb4 Qf5 20. c5 Be6 21. Qa4 d5 22. c6 b6 23. Qa6 Bc8 24. Qe2 Be6 25. Qa6 Bc8 26. Qe2 1/2-1/2

[Event "Ruhrgebiet Verbandsklasse Gruppe 2 1415"]
[Site "Germany"]
[Date "2015.01.18"]
[Round "5.1"]
[White "Starp, Klaus"]
[Black "Glahn, Michael"]
[Result "1/2-1/2"]
[WhiteElo "1954"]
[BlackElo "1953"]
[PlyCount "45"]
[EventDate "2014.09.21"]
[EventType "team-tourn"]
[EventRounds "9"]
[EventCountry "GER"]
[SourceTitle "EXT 2022"]
[Source "ChessBase"]
[SourceDate "2021.10.06"]
[SourceVersion "1"]
[SourceVersionDate "2021.10.06"]
[SourceQuality "1"]
[WhiteTeam "Ahlen SV"]
[BlackTeam "Recklinghausen Altstadt"]
[WhiteTeamCountry "GER"]
[BlackTeamCountry "GER"]

1. e4 Nf6 2. e5 Nd5 3. c4 Nb6 4. c5 Nd5 5. Bc4 e6 6. d4 d6 7. cxd6 cxd6 8. Nf3 Nc6 9. 0-0 Be7 10. exd6 Qxd6 11. Nc3 Nxc3 12. bxc3 0-0 13. Re1 b6 14. Qe2 Bb7 15. Bd2 Rac8 16. Bd3 Na5 17. Ne5 Bf6 18. Ng4 Qd8 19. Rac1 Bg5 20. f4 Bh4 21. Red1 Be7 22. Ne5 Bf6 23. Ng4 1/2-1/2

[Event "Ruhrgebiet Verbandsliga2 1112"]
[Site "Nordrheinwestfalen"]
[Date "2012.03.04"]
[Round "7.4"]
[White "Kruse, Peter"]
[Black "Glahn, Michael"]
[Result "1/2-1/2"]
[WhiteElo "2029"]
[BlackElo "1953"]
[PlyCount "48"]
[EventDate "2011.09.18"]
[EventType "team-tourn"]
[EventRounds "9"]
[EventCountry "GER"]
[SourceTitle "EXT 2020"]
[Source "ChessBase"]
[SourceDate "2019.10.17"]
[SourceVersion "1"]
[SourceVersionDate "2019.10.17"]
[SourceQuality "1"]
[WhiteTeam "Gladbeck SG"]
[BlackTeam "Recklinghausen Altstadt"]
[WhiteTeamCountry "GER"]
[BlackTeamCountry "GER"]

1. d4 Nf6 2. c4 e6 3. Nc3 Bb4 4. e3 b6 5. Nge2 Bb7 6. a3 Bxc3+ 7. Nxc3 0-0 8. f3 d5 9. cxd5 exd5 10. Bd3 c5 11. 0-0 Nc6 12. dxc5 bxc5 13. b3 Re8 14. Na4 Qe7 15. Qc2 Ne5 16. Nxc5 Rac8 17. b4 Ned7 18. Bf5 Rc7 19. Bxd7 Nxd7 20. Bd2 Nxc5 21. bxc5 Qxc5 22. Qxc5 Rxc5 23. Rfc1 Rxc1+ 24. Rxc1 Rc8 1/2-1/2

[Event "Ruhrgebiet Verbandsliga2 1112"]
[Site "Nordrheinwestfalen"]
[Date "2012.02.12"]
[Round "6.4"]
[White "Glahn, Michael"]
[Black "Henrichs, Wenke"]
[Result "1/2-1/2"]
[WhiteElo "1953"]
[BlackElo "2043"]
[PlyCount "81"]
[EventDate "2011.09.18"]
[EventType "team-tourn"]
[EventRounds "9"]
[EventCountry "GER"]
[SourceTitle "EXT 2020"]
[Source "ChessBase"]
[SourceDate "2019.10.17"]
[SourceVersion "1"]
[SourceVersionDate "2019.10.17"]
[SourceQuality "1"]
[WhiteTeam "Recklinghausen Altstadt"]
[BlackTeam "Wattenscheid SV IV"]
[WhiteTeamCountry "GER"]
[BlackTeamCountry "GER"]

1. e4 c5 2. c3 g6 3. d4 cxd4 4. cxd4 Bg7 5. Nf3 d5 6. Bb5+ Bd7 7. Bxd7+ Nxd7 8. exd5 Ngf6 9. Nc3 0-0 10. 0-0 Nb6 11. Re1 Nbxd5 12. Qb3 b6 13. Bg5 e6 14. Rad1 Rc8 15. Bxf6 Bxf6 16. Nxd5 Qxd5 17. Qxd5 exd5 18. Rc1 Rfe8 19. Rxe8+ Rxe8 20. Kf1 h5 21. Rc7 Re7 22. Rxe7 Bxe7 23. Ke2 f6 24. Kd3 Kf7 25. Nd2 Ke6 26. Nb1 Bd6 27. h3 f5 28. Nc3 g5 29. f3 Bg3 30. Ne2 Be1 31. g4 fxg4 32. fxg4 hxg4 33. hxg4 Kd6 34. Ng1 Bg3 35. Ne2 Bh2 36. Nc3 Kc6 37. Ne2 Bd6 38. Ng1 Bf4 39. Ne2 Bd6 40. Ng1 Bf4 41. Ne2 1/2-1/2

[Event "Dortmund Sparkassen op-A"]
[Site "Dortmund"]
[Date "2010.07.24"]
[Round "8"]
[White "Glahn, Michael"]
[Black "Richters, Marc"]
[Result "1-0"]
[WhiteElo "1826"]
[BlackElo "1951"]
[PlyCount "95"]
[EventDate "2010.07.17"]
[EventType "swiss"]
[EventRounds "9"]
[EventCountry "GER"]
[SourceTitle "CBM 137 Extra"]
[Source "ChessBase"]
[SourceDate "2010.09.01"]
[SourceVersion "1"]
[SourceVersionDate "2010.09.01"]
[SourceQuality "1"]

1. e4 d6 2. d4 g6 3. f4 Bg7 4. Nf3 Nf6 5. Bd3 0-0 6. 0-0 c5 7. c3 Bg4 8. dxc5 dxc5 9. h3 Bxf3 10. Qxf3 Nc6 11. Kh1 Rc8 12. Nd2 Nd7 13. Qe2 a6 14. Nf3 b5 15. Bd2 c4 16. Bc2 e5 17. f5 gxf5 18. exf5 Nf6 19. Bg5 Qc7 20. Nd2 Kh8 21. Bxf6 Bxf6 22. Ne4 Qe7 23. Qh5 Rg8 24. g4 Nd4 25. cxd4 exd4 26. Rae1 d3 27. Bd1 Bxb2 28. f6 Qe5 29. Rf5 Qe6 30. Re3 c3 31. Ng5 Rxg5 32. Qxg5 Rg8 33. Rxe6 Rxg5 34. Re8+ Rg8 35. Rfe5 h6 36. Rxg8+ Kxg8 37. Rc5 Kh7 38. Kg2 Kg6 39. Kf3 Kxf6 40. Ke3 c2 41. Bxc2 dxc2 42. Rxc2 Ba1 43. Rc6+ Kg5 44. Rxa6 b4 45. Ra5+ Kg6 46. Rb5 Bc3 47. Kd3 f6 48. a3 1-0

[Event "Dortmund Sparkassen op-A"]
[Site "Dortmund"]
[Date "2010.07.21"]
[Round "5"]
[White "Butschek, Marc"]
[Black "Glahn, Michael"]
[Result "0-1"]
[WhiteElo "1891"]
[BlackElo "1826"]
[PlyCount "66"]
[EventDate "2010.07.17"]
[EventType "swiss"]
[EventRounds "9"]
[EventCountry "GER"]
[SourceTitle "CBM 137 Extra"]
[Source "ChessBase"]
[SourceDate "2010.09.01"]
[SourceVersion "1"]
[SourceVersionDate "2010.09.01"]
[SourceQuality "1"]

1. e4 Nf6 2. e5 Nd5 3. c4 Nb6 4. d4 d6 5. exd6 exd6 6. Nf3 Nc6 7. Be3 Bg4 8. Nc3 Be7 9. Bd3 0-0 10. h4 d5 11. Bxh7+ Kh8 12. Bd3 Nxc4 13. Bxc4 dxc4 14. Qd2 Bxf3 15. gxf3 Nb4 16. 0-0-0 Nd5 17. Rdg1 Nxe3 18. fxe3 c6 19. Qc2 b5 20. Rg5 f5 21. Rxf5 Rxf5 22. Qxf5 Qd6 23. Ne4 Qh6 24. f4 Rf8 25. Qd7 Bd8 26. Nd6 Qg6 27. h5 Qg2 28. Rd1 c3 29. bxc3 Qxa2 30. Qxc6 Be7 31. Nxb5 Rb8 32. h6 Ba3+ 33. Nxa3 Qb2# 0-1

[Event "Dortmund Sparkassen op-A"]
[Site "Dortmund"]
[Date "2010.07.18"]
[Round "2"]
[White "Glahn, Michael"]
[Black "Boehm, Juergen1111"]
[Result "1/2-1/2"]
[WhiteElo "1826"]
[BlackElo "2214"]
[PlyCount "31"]
[EventDate "2010.07.17"]
[EventType "swiss"]
[EventRounds "9"]
[EventCountry "GER"]
[SourceTitle "CBM 137 Extra"]
[Source "ChessBase"]
[SourceDate "2010.09.01"]
[SourceVersion "1"]
[SourceVersionDate "2010.09.01"]
[SourceQuality "1"]

1. e4 e6 2. d4 d5 3. Nc3 Bb4 4. Bd3 dxe4 5. Bxe4 Nf6 6. Bd3 c5 7. Nge2 cxd4 8. Bb5+ Bd7 9. Qxd4 Nc6 10. Bxc6 Bxc3+ 11. Nxc3 Bxc6 12. Qxd8+ Rxd8 13. 0-0 Ne4 14. Nxe4 Bxe4 15. c3 Kd7 16. Be3 1/2-1/2

[Event "Recklinghausen op 16th"]
[Site "Recklinghausen"]
[Date "2006.10.14"]
[Round "7"]
[White "Voss, Andreas"]
[Black "Glahn, Michael"]
[Result "1-0"]
[WhiteElo "2032"]
[BlackElo "1557"]
[PlyCount "35"]
[EventDate "2006.10.07"]
[EventType "swiss"]
[EventRounds "7"]
[EventCountry "GER"]
[SourceTitle "CBM 114 Extra"]
[Source "ChessBase"]
[SourceDate "2006.11.03"]
[SourceVersion "1"]
[SourceVersionDate "2006.11.03"]
[SourceQuality "1"]

1. e4 e5 2. Nf3 Nc6 3. Bc4 Bc5 4. b4 Bxb4 5. c3 Ba5 6. d4 exd4 7. Qb3 Qe7 8. 0-0 Bxc3 9. Nxc3 dxc3 10. Ba3 d6 11. e5 Kd8 12. exd6 cxd6 13. Rfe1 Qf6 14. Bxd6 c2 15. Qxc2 Nd4 16. Nxd4 Qxd4 17. Rad1 Qg4 18. Bxf7 1-0

[Event "Recklinghausen op 16th"]
[Site "Recklinghausen"]
[Date "2006.10.11"]
[Round "3"]
[White "Glahn, Michael"]
[Black "Graw, Christopher"]
[Result "0-1"]
[WhiteElo "1557"]
[BlackElo "2160"]
[PlyCount "62"]
[EventDate "2006.10.07"]
[EventType "swiss"]
[EventRounds "7"]
[EventCountry "GER"]
[SourceTitle "CBM 114 Extra"]
[Source "ChessBase"]
[SourceDate "2006.11.03"]
[SourceVersion "1"]
[SourceVersionDate "2006.11.03"]
[SourceQuality "1"]

1. e4 c5 2. Nf3 e6 3. Nc3 a6 4. d3 b5 5. a3 Nc6 6. Be2 g6 7. 0-0 Bg7 8. Bg5 Nge7 9. Qd2 Nd4 10. Nxd4 cxd4 11. Nd1 0-0 12. Bh6 Bb7 13. Bxg7 Kxg7 14. f3 Rc8 15. Nf2 Qb6 16. Ng4 f5 17. Qh6+ Kg8 18. Nf2 Rxc2 19. Rae1 Qc7 20. b4 Rc8 21. Nh3 Qe5 22. Qg5 Qg7 23. Kf2 h6 24. Qg3 e5 25. Qh4 d5 26. exd5 Nxd5 27. Ra1 Rxe2+ 28. Kxe2 Rc2+ 29. Ke1 Qc7 30. Qxh6 Qc3+ 31. Kd1 Ne3+ 0-1